Statistics for WWE Royal Rumble 2006 Entrants Quiz

Click here to take the quiz!

General Stats

  • This quiz has been taken 440 times
  • The average score is 20 of 30

Answer Stats

ENAnswerEL% Correct
1Triple H28
97%
2Rey MysterioW
96%
9Kane8
93%
30Randy Orton29
93%
6Big Show7
89%
12Chris Benoit17
84%
25Shawn Michaels25
81%
5Ric Flair3
78%
13Booker T9
73%
23Matt Hardy14
73%
20Rob Van Dam27
73%
28Shelton Benjamin24
73%
11Carlito26
71%
16Johnny Nitro23
69%
8Bobby Lashley6
68%
22Chavo Guerrero Jr.11
66%
27Viscera18
62%
14Joey Mercury22
60%
26Chris Masters19
58%
3Simon Dean1
56%
29Goldust20
54%
24Super Crazy16
52%
4Psicosis2
48%
7Jonathan Coachman4
46%
15Tatanka12
44%
18Eugene15
43%
21Orlando Jordan21
41%
19Road Warrior Animal10
41%
10Sylvan5
41%
17Trevor Murdoch13
37%

Score Distribution

Percentile by Number Answered

Percent of People with Each Score

Your Score History

You have not taken this quiz